|
|
|
|
| LEADER |
00863nam a2200217 a 4500 |
| 001 |
011945060 |
| 008 |
090816s1994 enka b 001 0 eng d |
| 020 |
|
|
|a 0194371670 (pbk) :
|c Đ9.40
|
| 040 |
|
|
|a Uk
|c Uk
|
| 082 |
0 |
0 |
|a 428.24
|2 20
|
| 100 |
1 |
|
|a Ellis, Mark,
|d 1945-
|
| 245 |
1 |
0 |
|a Teaching business English /
|c Mark Ellis and Christine Johnson.
|
| 260 |
|
|
|a Oxford :
|b Oxford University Press,
|c 1994.
|
| 300 |
|
|
|a xiv,237p. :
|b ill. ;
|c 25 cm.
|
| 504 |
|
|
|a Includes bibliographical references and index.
|
| 541 |
1 |
|
|e 00013692
|
| 650 |
|
0 |
|a English language
|x Study and teaching
|x Foreign speakers
|
| 700 |
1 |
|
|a Johnson, Christine.
|
| 852 |
4 |
|
|a Ayesha Abed Library
|j General shelf
|
| 999 |
|
|
|c 3649
|d 3649
|
| 952 |
|
|
|0 0
|1 0
|2 ddc
|4 0
|6 428_240000000000000_ELL
|7 0
|9 3312
|a BRACUL
|b BRACUL
|c GEN
|d 2009-09-03
|g 1624.00
|l 4
|m 21
|o 428.24 ELL
|p 3010013692
|r 2018-12-17
|s 2018-10-01
|t 1
|w 2009-09-03
|y BK
|